|
|
|
|
| LEADER |
00000nas a2200000 a 4500 |
| 001 |
ssj0000503977 |
| 003 |
WaSeSS |
| 005 |
20200512172242.0 |
| 006 |
m d |
| 007 |
cr n |
| 008 |
110713c19uu9999at m| p|s|||||| |0eng d |
| 035 |
|
|
|a (WaSeSS)ssj0000503977
|
| 040 |
|
|
|a WaSeSS
|c WaSeSS
|d WaSeSS
|
| 050 |
|
4 |
|a HD9715.8.A1
|
| 245 |
0 |
0 |
|a BPN (Building Products News)
|h [electronic resource].
|
| 260 |
|
|
|a [Chatswood, NSW] :
|b Reed Business Information Ltd.
|
| 310 |
|
|
|a Monthly
|
| 506 |
|
|
|a License restrictions may limit access.
|
| 588 |
|
|
|a Description based on January 6, 2003, Article ID A112820649; title from the title screen (Business & Company Resource Center, viewed June 9, 2011).
|
| 588 |
|
|
|a Latest issue consulted: August 1, 2009, Article ID A212802361 (viewed June 9, 2011).
|
| 650 |
|
0 |
|a Building materials industry
|v Periodicals.
|
| 650 |
|
0 |
|a Building materials
|v Periodicals.
|
| 655 |
|
0 |
|a Electronic journals.
|
| 776 |
0 |
|
|i Print version:
|t BPN (Building Products News)
|x 1039-9704
|
| 780 |
0 |
0 |
|t Building products news
|x 0007-358X
|
| 856 |
4 |
0 |
|z Full text available from Research Library: 09/01/2005 to 04/30/2015
|u https://search.proquest.com/publication/44412
|